[Event "Hastings 0001 76th"]
[Site "Hastings"]
[Date "2001.01.04"]
[Round "7"]
[White "Aronian, Levon"]
[Black "Sasikiran, Krishnan"]
[Result "1/2-1/2"]
[WhiteElo "2551"]
[BlackElo "2573"]
[Annotator "Stohl,I"]
[PlyCount "87"]
[EventDate "2000.12.29"]
[EventType "tourn"]
[EventRounds "9"]
[EventCountry "ENG"]
[EventCategory "12"]
[SourceTitle "CBM 081"]
[Source "ChessBase"]
[SourceDate "2001.03.20"]
[SourceVersion "1"]
[SourceVersionDate "2001.03.20"]
[SourceQuality "1"]

1. Nf3 Nf6 2. g3 b6 3. Bg2 Bb7 4. O-O c5 5. c4 e6 6. Nc3 Be7 7. Re1 a6 8. e4 d6
9. d4 cxd4 10. Nxd4 Qc7 11. Be3 Nbd7 12. f4 Rc8 13. Rc1 Qb8 14. Qe2 (14. g4 g6
15. g5 Nh5 16. f5 $6 e5 17. f6 exd4 18. Bxd4 Bd8 19. Bh3 Nf4 20. Bg4 h5 21.
gxh6 Ne5 22. Rf1 Nxg4 23. Qxg4 Rxc4 24. Rcd1 Nh5 25. Nd5 b5 26. Rfe1 Qc8 27.
Qg5 Qe6 28. Bc3 O-O 29. Rd3 Rxe4 {0-1,Wells,P-Adorjan,A/BL 8889/1989/}) ({
Too speculative is} 14. Nd5 $6 exd5 15. exd5 Kf8 16. Nc6 Bxc6 17. dxc6 Nc5 18.
b4 Ne6 19. f5 Nc7 20. Bf4 Nfe8 21. Rc3 Bf6 22. Rd3 h6 23. h4 Kg8 24. Qh5 Rd8
25. Kh2 Be5 26. Bxe5 dxe5 27. Rxd8 Qxd8 28. Rd1 Qf6 29. Rd7 g6 30. Qg4 {
Vaganian,R-Wojtkiewicz,A/Eupen rapid op/1996/} Qxf5 $19) (14. b3 Qa8 15. Bf2
O-O 16. g4 g6 17. g5 Nh5 18. Qg4 Rce8 19. Rcd1 Qc8 20. Nde2 Bc6 21. Ng3 Nxg3
22. hxg3 b5 23. cxb5 axb5 24. Rc1 Qa8 25. Qh3 Nc5 26. Bxc5 dxc5 27. e5 Bxg2 28.
Qxg2 Qxg2+ 29. Kxg2 Ra8 $132 {Hjartarson,J-Wahls,M/New York op/1994/}) 14...
Qa8 ({White can quietly improve his position after} 14... Nc5 $143 15. Bf2 Qa8
16. g4 h6 17. h3 $5 g6 18. Bg3 Kf8 19. Rcd1 Rc7 20. Kh2 Ncd7 21. e5 dxe5 22.
fxe5 Nh7 23. Rf1 Kg7 24. Nd5 $1 exd5 25. e6 Qd8 26. Rxf7+ Kg8 27. Rxe7 Qxe7 28.
Bxc7 Ndf6 29. Be5 dxc4 30. Bxb7 Qxb7 31. Qxc4 {1-0,Sakaev,K-Ionescu,C/
Pardubice op/1997/}) 15. Bf2 O-O 16. g4 (16. f5 {releases the tension early
and Black can defend well after} exf5 17. Nxf5 Rfe8 18. Nd5 Bf8 19. Qd2 Nxd5
20. cxd5 Rxc1 21. Rxc1 Qd8 22. Bd4 Nc5 23. Re1 Bc8 24. b4 Nd7 25. Rf1 b5 26.
Qf2 f6 27. Rc1 g6 28. Ne3 Ne5 29. Rc3 Bg7 30. Kh1 Bd7 $11 {Lastin,A-Fominyh,A/
Samara/2000/}) 16... g6 17. f5 $146 {This novelty can't endanger Black's
position, he gets suficient <=> in the [+].} (17. g5 Nh5 18. Be3 $5 (18. Qg4
Rce8 {leads to the same position as above in the line 14.b3, only White is a
tempo down.} (18... Nc5 $6 19. Re3 Ng7 20. f5 exf5 21. exf5 gxf5 22. Bxb7 fxg4
23. Bxa8 Bxg5 24. Bd5 Bxe3 25. Bxe3 Rfe8 26. Bh6 $16 {Bosboom,M-Middelburg,T/
Vlissingen/1998/}) (18... Rfd8 $2 19. Nxe6 Ndf6 20. gxf6 Nxf6 21. Qh3 fxe6 22.
Qxe6+ Kf8 {1-0,Kovacs,M-Johansson,M/Salgotarjan/1967/})) 18... Rfe8 19. f5 e5
20. Nf3 Bxe4 21. f6 Bf8 22. Nxe4 Qxe4 23. Nd2 Qf5 24. Bb7 Nf4 25. Bxf4 exf4 26.
Qg2 $44 {Ruck,R-Dvoirys,S/Oberwart op/2000/}) 17... exf5 18. gxf5 Rfe8 {
[%cal Ge8e1] <=><->e} 19. Nd5 Bf8 20. Qf3 Bg7 21. Qh3 Qb8 22. b3 (22. Qh4 Nxd5
23. exd5 Rxe1+ 24. Rxe1 Bf6 $1 (24... Rxc4 $2 25. Nc6 Bxc6 26. Qxc4 $16) 25.
Qh3 Ne5 $13) 22... Nc5 23. Qh4 $1 {[%mdl 64] Starts a complicated tactical
sequence. But other alternatives were not too attractive, as e4 was under
attack.} (23. Nxb6 Rcd8 24. Nd5 Nfxe4 25. Bxe4 Nxe4 26. Be3 Nf6 $15) 23... Nxd5
(23... Bxd5 24. exd5 Nd3 25. Nc6 Qc7 (25... Rxc6 26. dxc6 Nxc1 27. Rxc1 $36 {
[%csl Gc6] o^c6}) 26. Rxe8+ Rxe8 27. Rf1 Nxf2 28. Qxf2 g5 $11) 24. exd5 Nd3 25.
f6 $5 (25. Rxe8+ Rxe8 26. Rf1 Nxf2 27. Qxf2 Bxd4 (27... Qc7 28. f6 Bh6 29. Ne6
$1 Qc8 30. Qxb6 $16) 28. Qxd4 Qc7 $11) 25... Rxe1+ (25... Nxc1 26. Rxc1 Bf8 27.
Ne6 $5 fxe6 (27... h5 $2 28. Nxf8 Rxf8 29. Qg5 Kh7 30. Be3 $18) 28. f7+ Kh8 (
28... Kxf7 29. Qxh7+ Bg7 30. Rf1 $18 {->}) 29. fxe8=Q Rxe8 30. Qd4+ e5 31. Qxb6
$14) 26. Rxe1 Nxe1 27. Nf5 $1 (27. fxg7 Nxg2 28. Kxg2 b5 29. Nf3 Qc7 $19) (27.
Bxe1 Bf8 28. Nf5 Qc7 $5 29. Nh6+ Kh8 $17) 27... Rc7 (27... gxf5 $4 28. Qg5 $18)
(27... Nd3 28. Ne7+ Kf8 29. fxg7+ Kxg7 30. Be3 h5 31. Nxc8 $16) (27... Bxf6 $2
28. Qxf6 gxf5 29. Be3 $1 Kf8 30. Bg5 $1 $18 {[%cal Rf6h8] /\Qh8#}) 28. Be4 $5 (
28. Nh6+ $6 Bxh6 29. Qxh6 Qf8 $17) (28. Bxe1 Bf8 29. Bb4 Qd8 $17) 28... Bf8 (
28... gxf5 $2 29. Qg5 (29. Bxf5 $4 Nf3+) 29... Nf3+ (29... Qf8 30. Qxf5 Nf3+
31. Kh1 Ng5 32. Qxg5 {[%cal Rg5f5] /\Qf5} Bc8 33. fxg7 Qe8 34. Bxh7+ $1 Kxh7
35. Qh5+ Kxg7 36. Bd4+ Kf8 37. Qh8+ Ke7 38. Bf6+ Kd7 39. Qh3+ $18) 30. Bxf3 Qf8
31. Bxb6 Rc8 32. Bd4 Re8 33. b4 $5 $16 {White is still a R down, but Black can
hardly move.}) 29. Bxb6 Bc8 (29... gxf5 $2 30. Qg5+ Kh8 31. Qxf5 Nf3+ 32. Kh1
Ng5 33. Qxg5 Bc8 34. Qh4 h6 35. Be3 $18) (29... Rd7 $5 30. Nh6+ $5 (30. Ne3 Bc8
31. Ba5 Qa7 32. Kf2 Qd4 33. Bxe1 Rd8 $17) (30. Ne7+ Bxe7 31. fxe7 Qe8 32. Bd4 (
32. Bd8 f5 $19) 32... Qxe7 33. Bf6 Nf3+ 34. Bxf3 Qe3+ $17) 30... Kh8 (30...
Bxh6 31. Qxh6 Qf8 32. Qh4 $44) 31. Bf2 Qe8 32. Bxe1 Qe5 33. Bf2 $13) 30. Bxc7 (
30. Nh6+ Kh8 31. Bxc7 Qxc7 32. Kf1 Qa7 33. Qf4 $1 (33. Kxe1 $2 Qe3+) 33... Qd4
34. Nxf7+ (34. Kxe1 Bxh6 35. Qxh6 Qxe4+ 36. Kf2 Qd4+ 37. Kg2 Qb2+ 38. Kg3 Qc3+
$11) 34... Kg8 35. Nh6+ $11 Bxh6 $2 36. f7+ Kf8 37. Qxh6+ Qg7 38. Qxg7+ Kxg7
39. Kxe1 $18) 30... Qa7+ $1 (30... Qxc7 $143 31. Ne7+ Kh8 (31... Bxe7 32. fxe7
Qd7 33. Kf2 $16) 32. Kf1 $1 $16) 31. Kf1 Bxf5 32. Bxf5 Nf3 (32... Qxc7 33. Be4
$5 {Black's N is trapped and White doesn't have to hurry capturing it.} (33.
Kxe1 gxf5 34. Qg5+ Kh8 35. Qxf5 Qa5+ 36. Kf1 Qxa2 37. Qc8 Qb1+ 38. Kf2 Kg8 39.
Qg4+ Qg6 $19) 33... Qa5 34. Qf2 $1 (34. Qxe1 Qxa2 $15) 34... Bh6 35. Qe2 $11 {
/\} Bd2 $2 36. Bxg6 $1 $18) 33. Qf2 Qxc7 $8 34. Qxf3 gxf5 35. Qxf5 $44 {
[%csl Rf8] The complications are over and although White is a piece down, the
Bf8 has very limited scope. If Black's Q leaves the back rank, White has
repetition Qg4-c8.} a5 (35... Bh6 36. Qh3 {forces the B back.}) 36. Ke2 Qb8 37.
Kd3 a4 (37... Qb4 38. Qg4+ Kh8 39. Qc8 $11) 38. Kc3 axb3 39. axb3 Qa7 40. Qf4
Qa5+ 41. Kb2 Qe1 42. Ka3 Qa5+ (42... h6 43. Ka4 $11 {/\Kb5,c5}) 43. Kb2 Qe1 44.
Ka3 1/2-1/2

[Event "Cappelle op 17th"]
[Site "Cappelle la Grande"]
[Date "2001.02.25"]
[Round "2"]
[White "Hanley, Craig"]
[Black "Aronian, Levon"]
[Result "0-1"]
[WhiteElo "2276"]
[BlackElo "2522"]
[PlyCount "62"]
[EventDate "2001.02.24"]
[EventType "swiss"]
[EventRounds "9"]
[EventCountry "FRA"]
[SourceTitle "CBM 080 Extra"]
[Source "ChessBase"]
[SourceDate "2001.03.08"]
[SourceVersion "1"]
[SourceVersionDate "2001.03.08"]
[SourceQuality "1"]

1. c4 Nf6 2. g3 e6 3. Nf3 d5 4. Bg2 dxc4 5. Qa4+ Nbd7 6. O-O a6 7. Qxc4 b5 8.
Qc2 Bb7 9. d3 Be7 10. a4 O-O 11. Nd4 Bxg2 12. Kxg2 Nc5 13. e3 Qd5+ 14. f3 Nxa4
15. b3 Nc5 16. Nc3 Qd7 17. Ba3 e5 18. Nde2 Rfd8 19. Rfd1 Ne6 20. Ne4 Nd5 21.
Kf2 b4 22. Bb2 f5 23. Ra5 Bf8 24. Nd2 f4 25. exf4 exf4 26. gxf4 Qe7 27. Qc4 Nb6
28. Qc6 Nc5 29. Ne4 Rd5 30. Kg2 Rad8 31. Kh1 Nxe4 0-1

[Event "Cappelle op 17th"]
[Site "Cappelle la Grande"]
[Date "2001.02.27"]
[Round "5"]
[White "Aronian, Levon"]
[Black "Sulskis, Sarunas"]
[Result "0-1"]
[WhiteElo "2522"]
[BlackElo "2501"]
[PlyCount "123"]
[EventDate "2001.02.24"]
[EventType "swiss"]
[EventRounds "9"]
[EventCountry "FRA"]
[SourceTitle "CBM 080 Extra"]
[Source "ChessBase"]
[SourceDate "2001.03.08"]
[SourceVersion "1"]
[SourceVersionDate "2001.03.08"]
[SourceQuality "1"]

1. Nf3 d5 2. g3 c6 3. Bg2 Bg4 4. O-O h5 5. d3 h4 6. Nxh4 e5 7. Nf3 Nd7 8. Nbd2
Ngf6 9. e4 dxe4 10. dxe4 Bc5 11. Qe1 Qe7 12. a4 O-O-O 13. Ng5 Nh5 14. Nb3 f6
15. Nxc5 Nxc5 16. f3 Bd7 17. Nh3 Ne6 18. b4 g5 19. Qf2 Kb8 20. Be3 a6 21. b5
cxb5 22. axb5 Bxb5 23. Rfb1 Nd4 24. Bf1 Qe6 25. c3 Bxf1 26. Qxf1 Nxg3 27. hxg3
Rxh3 28. cxd4 Rdh8 29. Kf2 exd4 30. Bxd4 Qd6 31. Ke3 Rxg3 32. Qf2 Rhh3 33. Rf1
Rxf3+ 34. Qxf3 Qf4+ 35. Ke2 Rxf3 36. Rxf3 Qxe4+ 37. Be3 f5 38. Rg1 f4 39. Rxg5
Qc4+ 40. Kd2 Qb4+ 41. Kd3 Qb3+ 42. Kd2 fxe3+ 43. Rxe3 Qb4+ 44. Kc2 Qc4+ 45. Rc3
Qe4+ 46. Kb2 Ka7 47. Rg7 Qd4 48. Rgc7 a5 49. R7c4 Qf6 50. Rc5 Ka6 51. Rc7 b6
52. Ka3 Qd6+ 53. Kb3 Kb5 54. Ka2 a4 55. Rc1 Qd5+ 56. Ka1 Ka5 57. R7c2 b5 58.
Rc5 Qd4+ 59. Ka2 Kb4 60. R5c2 a3 61. Re2 Ka4 62. Rh1 0-1

[Event "Cappelle op 17th"]
[Site "Cappelle la Grande"]
[Date "2001.03.01"]
[Round "7"]
[White "Aronian, Levon"]
[Black "Hansen, Torbjorn Ringdal"]
[Result "1-0"]
[WhiteElo "2522"]
[BlackElo "2178"]
[PlyCount "81"]
[EventDate "2001.02.24"]
[EventType "swiss"]
[EventRounds "9"]
[EventCountry "FRA"]
[SourceTitle "CBM 080 Extra"]
[Source "ChessBase"]
[SourceDate "2001.03.08"]
[SourceVersion "1"]
[SourceVersionDate "2001.03.08"]
[SourceQuality "1"]

1. e4 e5 2. Nf3 Nf6 3. Nc3 Bb4 4. d3 d6 5. g3 Nc6 6. Bg2 Bg4 7. h3 Be6 8. a3
Ba5 9. b4 Bb6 10. Na4 h6 11. Bb2 O-O 12. O-O Qd7 13. Kh2 Nd4 14. Nxd4 Qxa4 15.
Nxe6 fxe6 16. f4 Bd4 17. Bxd4 exd4 18. e5 dxe5 19. fxe5 Nd5 20. Bxd5 exd5 21.
Qe2 Rxf1 22. Rxf1 Re8 23. e6 Qc6 24. Re1 Qd6 25. h4 Re7 26. Qg4 a6 27. Re2 b6
28. Qf5 c6 29. Kh3 a5 30. Re1 a4 31. h5 b5 32. Kg4 Qd8 33. Kf3 Qe8 34. g4 Qb8
35. g5 hxg5 36. Qxg5 Qf8+ 37. Qf4 Qe8 38. Qf5 Rc7 39. Qe5 Qf8+ 40. Qf4 Qe7 41.
Qxc7 1-0

[Event "EU-ch 2nd"]
[Site "Ohrid"]
[Date "2001.06.02"]
[Round "2"]
[White "Polgar, Judit"]
[Black "Aronian, Levon"]
[Result "1-0"]
[WhiteElo "2678"]
[BlackElo "2528"]
[Annotator "Hecht,H"]
[PlyCount "87"]
[EventDate "2001.06.01"]
[EventType "swiss"]
[EventRounds "13"]
[EventCountry "YUG"]
[SourceTitle "CBM 084"]
[Source "ChessBase"]
[SourceDate "2001.09.13"]
[SourceVersion "1"]
[SourceVersionDate "2001.09.13"]
[SourceQuality "1"]

1. e4 e5 2. Nf3 Nc6 3. Bb5 a6 4. Ba4 Nf6 5. O-O Be7 6. Re1 d6 7. Bxc6+ bxc6 8.
d4 exd4 9. Nxd4 Bd7 10. Nc3 O-O 11. Bf4 g6 12. h3 Nh5 13. Bh2 Ng7 14. Qd2 Ne6
15. Rad1 Bg5 16. f4 Bh4 17. Rf1 Nxd4 18. Qxd4 c5 19. Qd2 Bb5 20. Rf3 f5 21.
Qd5+ Kh8 22. Nxb5 axb5 23. e5 Qe8 24. Bg3 Bxg3 25. Rxg3 Rd8 26. Re1 c6 27. Qf3
dxe5 28. Rxe5 Qd7 29. Kh2 c4 30. b3 cxb3 31. cxb3 Rfe8 32. Rxe8+ Rxe8 33. Qc3+
Kg8 {[#] Leicht vorteilhafte Stellung für Weiß wegen der offenen schwarzen
Königsstellung und der Möglichkeit, mittels a4 einen entfernten Freibauern zu
bilden.} 34. Qd3 Qe6 (34... Qxd3 35. Rxd3 b4 $11) 35. a4 bxa4 36. bxa4 Qc8 {
Zu passiv} (36... c5 $142) 37. a5 Qc7 $2 38. Qd2 (38. Qxf5 $16) 38... Re7 39.
a6 Kg7 40. Rb3 $1 $18 Qa7 41. Qb2+ Kh6 42. Rb7 Qe3 43. Rxe7 Qxe7 44. Qb8 1-0

[Event "ARM-ch"]
[Site "Yerevan"]
[Date "2001.09.17"]
[Round "5"]
[White "Nalbandian, Tigran"]
[Black "Aronian, Levon"]
[Result "1/2-1/2"]
[WhiteElo "2458"]
[BlackElo "2562"]
[Annotator "Meulders,R"]
[PlyCount "61"]
[EventDate "2001.09.13"]
[EventType "tourn"]
[EventRounds "10"]
[EventCountry "ARM"]
[EventCategory "11"]
[SourceTitle "CBM 086"]
[Source "ChessBase"]
[SourceDate "2002.02.05"]
[SourceVersion "1"]
[SourceVersionDate "2002.02.05"]
[SourceQuality "1"]

1. Nf3 Nf6 2. g3 d6 3. d4 Nbd7 4. c4 e5 5. Nc3 c6 6. Bg2 Be7 7. O-O O-O 8. e4
a6 9. a4 a5 {[%csl Rb4][%cal Gd7b8,Gb8a6,Ga6b4]} 10. h3 Re8 11. Be3 exd4 {
Verhindert d5 und schafft sich eine Zielscheibe (Pe4).} 12. Nxd4 Bf8 {[%cal
Ge8e4]} 13. Qc2 Nc5 14. Rad1 Qc7 (14... Qe7 15. Rfe1 Nfxe4 $2 16. Nxe4 Nxe4 17.
Bf4 d5 18. f3 $18) 15. Rfe1 g6 {[%csl Rd6,Gf5] Die Chancen sind gleich. Mit
dem Textzug hat Schwarz dem weissen Springer das Feld f5 genommen und
eventuell wird der B nach g7 gespielt. Die einzige Schäche im schwarzen Lager
ist Pd6 aber die ist leicht zu schützen.} (15... Bd7 $6 16. Bg5 (16. f4 Rad8
17. Bf2 Bc8 18. g4 h6 19. Nf5 Ne6 20. Be3 $14 {0-1 Ionescu,V-Kalinina,V/
Bucharest 1998/EXT 2000 (30)}) 16... Be7 17. Bc1 g6 18. f4 Bf8 19. Kh2 Bg7 20.
b3 $14 {1-0 Grabuzova,T-Juergens,V/Krefeld 1995/EXT 98/[Bulletin] (53)}) (15...
Nfd7 $132 {/\ Nb8-a6-b4; /\ Na6-b4, Nc5}) (15... b6 16. Nxc6 Bb7 17. Nd4 Ncxe4
18. Nxe4 Bxe4 19. Bxe4 Rxe4 20. Bg5 Rae8 $11 {1/2-1/2 Konopka,M-Vulevic,V/
Thessaloniki 1996/EXT 98 (35)}) (15... Be6 16. b3 Rad8 17. Nxe6 Rxe6 {1-0
Szabolcsi,J-Miltner,A/Budapest 1996/CBM 54 ext (31)}) 16. f4 (16. Nb3 Na6 17.
f4 Nd7 18. Qf2 Bg7 19. Bd4 $14 {1-0 Hlinka,M-Krnan,T/SVK 2000/EXT 2002 (54)})
16... Nfd7 17. Bf2 (17. Kh2 Bg7 18. Rd2 Na6 19. Qd1 Bf8 20. Kh1 $11 {1-0
Eckhardt,C-Tydecks,H/Germany 2000/EXT 2002 (38)}) 17... Na6 {[%cal Ga6b4]} 18.
Rd2 Nb4 19. Qd1 Nc5 20. Nf3 f5 $6 (20... Be6 21. b3 Rad8) 21. Bxc5 $2 {Es gab
keinen Grund den schönen B zu tauschen für den N. Besser erscheint} (21. e5
dxe5 22. Rxe5 Rxe5 23. Nxe5 Be6 24. Be3 Be7 {und Schwarz muss aufpassen. Eine
Möglichkeit ist:} 25. Nd5 $5 cxd5 26. cxd5 Nxd5 27. Bxd5 Bxd5 28. Rxd5 b6 29.
Bxc5 Bxc5+ 30. Kh2 $18 {[%csl Gb3,Rc5,Rd7,Ge5][%cal Gd1b3,Gb3g8]}) 21... dxc5
22. e5 $11 Be7 {[%cal Ge7g5,Rf3g5]} (22... Be6 23. Ng5 Bc8 (23... Bxc4 $2 24.
Rd7 $16)) 23. Qe2 Be6 $11 24. Red1 Rad8 25. h4 Rxd2 26. Rxd2 Rd8 27. Rxd8+ Qxd8
28. Bf1 h5 29. Qd2 Qxd2 30. Nxd2 Nc2 31. Kf2 1/2-1/2

[Event "ARM-ch"]
[Site "Yerevan"]
[Date "2001.09.20"]
[Round "8"]
[White "Aronian, Levon"]
[Black "Minasian, Ara"]
[Result "1/2-1/2"]
[WhiteElo "2562"]
[BlackElo "2480"]
[PlyCount "65"]
[EventDate "2001.09.13"]
[EventType "tourn"]
[EventRounds "10"]
[EventCountry "ARM"]
[EventCategory "11"]
[SourceTitle "CBM 086"]
[Source "ChessBase"]
[SourceDate "2002.02.05"]
[SourceVersion "1"]
[SourceVersionDate "2002.02.05"]
[SourceQuality "1"]

1. e4 e5 2. Nf3 Nc6 3. Bb5 a6 4. Ba4 Nf6 5. O-O Be7 6. Re1 b5 7. Bb3 O-O 8. a4
b4 9. d4 d6 10. d5 Na5 11. Ba2 Rb8 12. Nbd2 c6 13. dxc6 Be6 14. Bxe6 fxe6 15.
Qe2 Qb6 16. Nc4 Nxc4 17. Qxc4 d5 18. exd5 exd5 19. Qb3 e4 20. Ne5 Bc5 21. Be3
Bxe3 22. Rxe3 Qd4 23. c7 Rb6 24. f4 exf3 25. Nxf3 Qc5 26. Rd1 Ng4 27. Rxd5
Qxe3+ 28. Qxe3 Nxe3 29. Rd8 Rc6 30. Nd4 Rxc7 31. Rxf8+ Kxf8 32. Ne6+ Ke7 33.
Nxc7 1/2-1/2

[Event "ARM-ch"]
[Site "Yerevan"]
[Date "2001.09.23"]
[Round "11"]
[White "Aronian, Levon"]
[Black "Asrian, Karen"]
[Result "1/2-1/2"]
[WhiteElo "2562"]
[BlackElo "2604"]
[PlyCount "44"]
[EventDate "2001.09.13"]
[EventType "tourn"]
[EventRounds "10"]
[EventCountry "ARM"]
[EventCategory "11"]
[SourceTitle "CBM 086"]
[Source "ChessBase"]
[SourceDate "2002.02.05"]
[SourceVersion "1"]
[SourceVersionDate "2002.02.05"]
[SourceQuality "1"]

1. e4 c6 2. c4 d5 3. exd5 cxd5 4. d4 Nf6 5. Nc3 e6 6. Nf3 Bb4 7. cxd5 Nxd5 8.
Qc2 Nc6 9. a3 Ba5 10. Bd3 Nxc3 11. bxc3 Nxd4 12. Nxd4 Qxd4 13. Bb5+ Bd7 14. O-O
Qd5 15. c4 Qf5 16. Bxd7+ Kxd7 17. Qb2 b6 18. c5 Ke7 19. cxb6 axb6 20. Be3 Rhd8
21. Rad1 Kf8 22. Rxd8+ Rxd8 1/2-1/2

[Event "Bundesliga 0102"]
[Site "Germany"]
[Date "2001.11.25"]
[Round "4.1"]
[White "Aronian, Levon"]
[Black "Stohl, Igor"]
[Result "1-0"]
[WhiteElo "2562"]
[BlackElo "2533"]
[Annotator "Hecht,H"]
[PlyCount "131"]
[EventDate "2001.10.06"]
[EventType "team-tourn"]
[EventRounds "15"]
[EventCountry "GER"]
[SourceTitle "CBM 087"]
[Source "ChessBase"]
[SourceDate "2002.03.21"]
[SourceVersion "1"]
[SourceVersionDate "2002.03.21"]
[SourceQuality "1"]
[WhiteTeam "Wattenscheid"]
[BlackTeam "Neukoelln"]
[WhiteTeamCountry "GER"]
[BlackTeamCountry "GER"]

1. e4 c6 2. d4 d5 3. Nd2 dxe4 4. Nxe4 Nd7 5. Ng5 Ngf6 6. Bd3 e6 7. N1f3 Bd6 8.
Qe2 h6 9. Ne4 Nxe4 10. Qxe4 Qc7 11. Qg4 Kf8 12. O-O c5 13. dxc5 Nxc5 14. Be3
Nxd3 15. cxd3 Bd7 16. Rac1 Bc6 17. Nd4 Bxh2+ 18. Kh1 Be5 19. b4 h5 20. Nxe6+
fxe6 21. Qxe6 Qf7 22. Qxe5 Re8 23. Qd6+ Kg8 24. b5 Bxb5 25. Rc7 Qe6 26. Qxe6+
Rxe6 27. Rxb7 a6 28. Rc1 Rc6 29. Rxc6 Bxc6 30. Rc7 Bb5 31. d4 {[#] Verwerten
eines zentralen Mehrbauern mit Königseinsatz - Baukastenspiel. Man beachte den
möglichen Endspielübergang im 50.Zug.} Kh7 32. Rc5 Kg6 33. Kh2 h4 34. d5 Rh5
35. f4 Rf5 36. Kh3 Kh5 37. g4+ hxg3 38. Kxg3 Kg6 39. Kf3 Kf7 40. Ke4 g6 41.
Rc7+ Ke8 42. Bd4 Rh5 43. Bf6 Rh2 44. Ke5 Bd7 45. Kd6 Bf5 46. a3 Ra2 47. Rc3 Rd2
48. a4 Kf7 49. Bg5 Rc2 50. Rc6 Bd3 (50... Rxc6+ 51. dxc6 Ke8 52. Kc7 Be4 53.
Kb6 Bf3 54. a5 Bg2 55. Bf6 Bf3 56. Be5 Kd8 (56... Be2 57. Ka7 $18) 57. c7+ Kc8
58. Kxa6 Be4 59. Kb6 Bf3 60. a6 Bg2 61. a7 Bf3 62. Bd6 $18 {[%csl Rg6][%cal
Yb6c5,Yc5d4,Yd4e5,Ye5f6,Ya7a8]}) 51. a5 Ra2 52. Kc7 Bb5 53. Rc5 Rd2 54. d6 Ba4
55. Re5 Rc2+ 56. Kd8 Rd2 57. Re7+ Kf8 58. d7 Rc2 59. Re4 Bb5 60. Bh6+ Kf7 61.
Re7+ Kg8 62. Re5 Kf7 63. Rd5 Ba4 64. Rd4 Bb5 65. Rd6 Rc3 66. Bg5 {[%cal Yd6f6,
Yd8e7,Yd7d8]} 1-0

[Event "Bundesliga 0102"]
[Site "Germany"]
[Date "2002.03.16"]
[Round "10.1"]
[White "Aronian, Levon"]
[Black "Khenkin, Igor"]
[Result "1-0"]
[WhiteElo "2562"]
[BlackElo "2579"]
[PlyCount "51"]
[EventDate "2001.10.06"]
[EventType "team-tourn"]
[EventRounds "15"]
[EventCountry "GER"]
[SourceTitle "EXT 2003"]
[Source "ChessBase"]
[SourceDate "2002.11.25"]
[SourceVersion "1"]
[SourceVersionDate "2002.11.25"]
[SourceQuality "1"]
[WhiteTeam "Wattenscheid"]
[BlackTeam "Tegernsee"]
[WhiteTeamCountry "GER"]
[BlackTeamCountry "GER"]

1. e4 c6 2. d3 d5 3. Nd2 g6 4. Ngf3 Bg7 5. g3 e5 6. Bg2 Ne7 7. O-O O-O 8. b4
Na6 9. a3 Nc7 10. Bb2 f6 11. Re1 (11. Nb3 b6 12. Re1 Be6 13. exd5 cxd5 14. Nfd2
Qd7 15. c4 {1/2-1/2 Kasimdzhanov,R-Khenkin,I/Moscow 2001}) 11... b6 12. d4 dxe4
13. Rxe4 f5 14. Rxe5 $1 Bxe5 15. Nxe5 Bb7 16. c4 Rb8 17. Qb3 Ne8 18. c5+ Nd5
19. b5 Nef6 20. bxc6 Ba8 21. Qa2 Kg7 22. Ndc4 Qc7 23. Rc1 bxc5 24. dxc5 Kh6 25.
Nd6 Ne7 26. Nef7+ 1-0

[Event "Bundesliga 0102"]
[Site "Germany"]
[Date "2002.03.17"]
[Round "11.1"]
[White "Golubev, Mikhail"]
[Black "Aronian, Levon"]
[Result "0-1"]
[WhiteElo "2526"]
[BlackElo "2562"]
[PlyCount "75"]
[EventDate "2001.10.06"]
[EventType "team-tourn"]
[EventRounds "15"]
[EventCountry "GER"]
[SourceTitle "EXT 2003"]
[Source "ChessBase"]
[SourceDate "2002.11.25"]
[SourceVersion "1"]
[SourceVersionDate "2002.11.25"]
[SourceQuality "1"]
[WhiteTeam "Stuttgart"]
[BlackTeam "Wattenscheid"]
[WhiteTeamCountry "GER"]
[BlackTeamCountry "GER"]

1. e4 c5 2. Nf3 d6 3. d4 cxd4 4. Nxd4 Nf6 5. Nc3 a6 6. Bc4 e6 7. Bb3 Be7 8. f4
Nbd7 9. O-O b5 10. Be3 Qc7 11. f5 Nc5 (11... e5 12. Nd5 Nxd5 13. Nxb5 axb5 14.
Qxd5 Bb7 15. Qxf7+ Kd8 16. Qxg7 Rf8) 12. fxe6 $2 {Golubev} fxe6 13. a3 Nxb3 14.
cxb3 O-O 15. Qf3 Qb7 16. Qh3 Nxe4 17. Rxf8+ Bxf8 18. Rf1 Nxc3 19. bxc3 Bd7 20.
Qh5 g6 21. Qh4 e5 22. Ne2 Qd5 23. Ng3 Bc6 24. Rf2 Qxb3 25. Bh6 Qxc3 26. Qg5
Qa1+ 27. Rf1 Qd4+ 28. Rf2 Bxh6 29. Qxh6 Re8 30. Nf1 a5 31. Ne3 b4 32. axb4 axb4
33. h4 b3 34. Kh2 b2 35. Nf5 gxf5 36. Qg5+ Kf7 37. Rxf5+ Ke6 38. Qg7 0-1